[Event "Ch DDR"]
[Site "masterchessopen.com Freiberg (Germany)"]
[Round "0"]
[White "Liebert Heinz (GER)"]
[Black "Darius Harald (GER)"]
[Result "1-0"]
[WhiteElo "2247"]
[BlackElo "2161"]

1.Nf3 Nf6 2.g3 g6 3.Bg2 Bg7 4.O-O O-O 5.c4 c6 6.d4 d5 7.Nbd2 dxc4 8.Nxc4 Be6
9.Qc2 Nbd7 10.Rd1 Nb6 11.Nfe5 Ng4 12.h3 Nxe5 13.Nxe5 f6 14.Nf3 Qd7 15.Kh2 Bf7
16.e4 Rac8 17.Bd2 Nc4 18.Bc3 Rfd8 19.Qe2 Nd6 20.b3 c5 21.dxc5 Rxc5 22.Bd4 Rh5
23.Bxa7 Be6 24.Ng1 Rf8 25.Rac1 Kh8 26.Bd4 Ra8 27.Rc2 Raa5 28.f3 Qe8 29.g4 Rhb5
30.f4 g5 31.f5 Bd7 32.Bc3 Ra8 33.Nf3 Rc8 34.Rdc1 Qd8 35.e5 Rxc3 36.Rxc3 fxe5
37.Rc5 e4 38.Nxg5 Rxc5 39.Rxc5 Qb6 40.Qc2 Bd4 41.Rd5 Bc6 42.Rxd6 exd6 43.Bxe4
d5 44.Bf3 Qc7+ 45.Kg2 Be3 46.Ne6 Qe5 47.Nd8 Qf6 48.Nxc6 bxc6 49.a4 Bb6 50.Qd2
Qa1 51.Bd1 Bd4 52.g5 c5 53.Qe2 Qb2 54.Qxb2 {#r} 1-0

[Event "It"]
[Site "masterchessopen.com Hungary"]
[Round "0"]
[White "Vadasz Laszlo (HUN)"]
[Black "Portisch Ferenc (HUN)"]
[Result "0-1"]
[WhiteElo "2271"]
[BlackElo "2342"]

1.Nf3 Nf6 2.d4 g6 3.Nbd2 d5 4.c4 c6 5.g3 Bg7 6.Bg2 O-O 7.O-O a5 8.Ne5 Na6
9.cxd5 cxd5 10.Ndf3 Qb6 11.Nd3 Bf5 12.Nfe5 Bxd3 13.Nxd3 Qxd4 14.Qb3 Nc5
15.Nxc5 Qxc5 16.Bf4 Qb4 17.Rfc1 Rfc8 18.Qxb4 axb4 19.Bd2 Ne4 20.Bxe4 dxe4
21.Bxb4 Bxb2 22.Rxc8+ Rxc8 23.Rd1 Rc1 24.Rxc1 Bxc1 25.Bxe7 f5 26.Kf1 Kf7
27.Bd8 Bd2 28.f3 Ke6 29.fxe4 fxe4 30.Kf2 Kf5 31.h3 h5 32.Bb6 g5 33.Bd4 g4
34.hxg4+ hxg4 35.Bb6 Ke6 36.Bc5 Kd5 37.Bb6 Kc4 38.Be3 Bc3 39.Bf4 Bd4+ 40.Ke1
Kc3 41.Bc7 Kb2 42.a4 Kb3 43.a5 Kc2 44.e3 Bxe3 45.Ke2 Bg5 46.Bf4 Bxf4 47.gxf4
g3 48.f5 g2 49.Kf2 e3+ {#R} 0-1

[Event "Ch Poland"]
[Site "masterchessopen.com Poznan (Poland)"]
[Date "1971.02.21"]
[Round "7"]
[White "Doda Zbigniew (POL)"]
[Black "Kostro Jerzy (POL)"]
[Result "0-1"]
[WhiteElo "2430"]
[BlackElo "2385"]

1.Nf3 d5 2.g3 Nf6 3.Bg2 g6 4.c4 c6 5.d4 Bg7 6.O-O O-O 7.Nbd2 Nbd7 8.Qb3 b6
9.Ne5 Bb7 10.Nxd7 Qxd7 11.Nf3 dxc4 12.Qxc4 Qd5 13.Qa4 c5 14.Nh4 Ne4 15.dxc5
bxc5 16.Rd1 Qc6 17.Qa3 Qb6 18.Qa4 Nd6 19.Bxb7 Qxb7 20.Qc2 c4 21.Nf3 Rfc8
22.Nd4 Rab8 23.Rb1 Qa6 24.Bg5 e5 25.Nf3 Nf5 26.Qe4 h6 27.Be3 Nxe3 28.Qxe3 Qxa2
29.Ra1 Qxb2 30.Rxa7 c3 31.Rdd7 c2 32.Rxf7 c1=Q+ 33.Kg2 e4 34.Rxg7+ Qxg7
35.Rxg7+ Kxg7 36.Qd4+ Kg8 37.Qd5+ Kf8 38.Qd6+ Kg7 39.Qe7+ Kg8 40.Qe6+ Kg7
41.Qe5+ Kf7 42.Qd5+ Ke7 43.Ne5 {#R} 0-1

[Event "Ch Czechoslovakia (1/2 final) (C)"]
[Site "masterchessopen.com Havirov (Czech Republic)"]
[Round "10"]
[White "Herink Miroslav (CZE)"]
[Black "Pesout Jan (CZE)"]
[Result "1-0"]
[WhiteElo "2071"]
[BlackElo "2249"]

1.Nf3 d5 2.g3 g6 3.Bg2 Bg7 4.d4 Nf6 5.O-O O-O 6.c4 c6 7.Nbd2 Ne4 8.e3 Bg4
9.Qb3 b6 10.cxd5 cxd5 11.Nxe4 dxe4 12.Ng5 Nc6 13.Nxe4 Rc8 14.Nc3 e5 15.d5 Na5
16.Qc2 f5 17.f3 Bh5 18.e4 h6 19.Qd3 Rc4 20.Be3 f4 21.Bf2 fxg3 22.hxg3 g5 23.b3
Rc7 24.Nd1 g4 25.fxg4 Bxg4 26.Ne3 Bc8 27.Rac1 Rcf7 28.Be1 Rxf1+ 29.Nxf1 Nb7
30.Ne3 Qg5 31.Qd2 Nc5 32.b4 Nb7 33.Nf5 Bxf5 34.Qxg5 hxg5 35.exf5 Rxf5 36.Rc7
Nd6 37.Bh3 Rf3 38.Be6+ Kh8 39.Rc6 Bf8 40.a4 b5 41.a5 Nc4 42.a6 Ra3 43.Rc8 Kg7
44.Rc7+ Kh8 45.Rxa7 e4 46.Ra8 Kg7 47.a7 Ra1 48.Kh2 Ra2+ 49.Kh3 g4+ 50.Bxg4 Ne3
51.Bc3+ Kh6 52.Rxf8 {#r} 1-0

[Event "It"]
[Site "masterchessopen.com Birmingham (England)"]
[Round "6"]
[White "Clarke Peter H (ENG)"]
[Black "Dunkelblum Arthur (BEL)"]
[Result "1-0"]
[WhiteElo "2300"]
[BlackElo "2250"]

1.d4 d5 2.c4 c6 3.Nf3 Nf6 4.Nbd2 g6 5.g3 Bg7 6.Bg2 O-O 7.O-O Ne4 8.cxd5 Nxd2
9.Bxd2 cxd5 10.Ne5 f6 11.Nd3 Nc6 12.e3 e6 13.Rc1 Qd6 14.Qa4 Rf7 15.Rc2 Bd7
16.Nc5 Be8 17.Qb3 Nd8 18.Rfc1 Bc6 19.Bb4 Bf8 20.Nxb7 Qxb4 21.Qxb4 Bxb4 22.Nxd8
Rxd8 23.Rxc6 Bd6 24.Ra6 Rfd7 25.a3 Kf7 26.Rcc6 Ke7 27.Bf1 Rb8 28.b4 Rbb7
29.Bd3 f5 30.Kf1 Rbc7 31.Bb5 Rxc6 32.Bxc6 Rc7 33.h4 h6 34.f4 g5 35.hxg5 hxg5
36.Ke2 g4 37.Kd3 Kf7 38.Bxd5 exd5 39.Rxd6 Rc1 40.Rxd5 Kg6 41.e4 Rg1 42.Rxf5
Rxg3+ 43.Kc4 {#r} 1-0

[Event "Ch Great Britain"]
[Site "masterchessopen.com Brighton (England)"]
[Round "9"]
[White "Keene Raymond D (ENG)"]
[Black "Webb Simon (ENG)"]
[Result "1-0"]
[WhiteElo "2435"]
[BlackElo "2420"]

1.d4 Nf6 2.c4 g6 3.Nf3 Bg7 4.g3 c6 5.Bg2 d5 6.Nbd2 O-O 7.O-O Ne4 8.cxd5 cxd5
9.Ne5 Nxd2 10.Bxd2 Qb6 11.Bc3 Rd8 12.e3 Nc6 13.Nd3 e6 14.Qd2 a5 15.b3 Bd7
16.Rfc1 Bf8 17.h4 Be8 18.Rab1 Ne7 19.Rc2 Nf5 20.Rbc1 Bd6 21.Nc5 Qa7 22.Bb2 b6
23.Nd3 Qb7 24.Bh3 Ng7 25.Ne5 Rac8 26.Bf1 Rxc2 27.Qxc2 f6 28.Ng4 Qe7 29.Qe2 Ra8
30.e4 dxe4 31.Qxe4 Rd8 32.Qe2 h5 33.Ne3 Ba3 34.Bg2 Bxb2 35.Qxb2 Qb4 36.d5 e5
37.Qc2 Bd7 38.Qxg6 f5 39.d6 e4 40.Nd5 Qd4 {#r} 1-0

[Event "Ch Hungary"]
[Site "masterchessopen.com Budapest (Hungary)"]
[Round "0"]
[White "Csom Istvan (HUN)"]
[Black "Hradeczky Tamas (HUN)"]
[Result "1-0"]
[WhiteElo "2485"]
[BlackElo "2216"]

1.Nf3 g6 2.d4 Bg7 3.g3 Nf6 4.Bg2 O-O 5.O-O d5 6.c4 c6 7.Nbd2 dxc4 8.Nxc4 Be6
9.b3 Ne4 10.Bb2 Nd7 11.Qc2 Nd6 12.e4 Bxc4 13.bxc4 b5 14.c5 Nc4 15.e5 Nxb2
16.Qxb2 Qc7 17.a4 Rab8 18.axb5 Rxb5 19.Qa2 a5 20.Rfb1 Rxb1+ 21.Rxb1 e6 22.Nd2
Rd8 23.Nc4 Nb8 24.Qxa5 {#r} 1-0

[Event "It"]
[Site "masterchessopen.com Kecskemet (Hungary)"]
[Round "0"]
[White "Csom Istvan (HUN)"]
[Black "Dely Peter (HUN)"]
[Result "1-0"]
[WhiteElo "2485"]
[BlackElo "2391"]

1.Nf3 Nf6 2.g3 g6 3.Bg2 Bg7 4.c4 c6 5.d4 d5 6.Nbd2 O-O 7.O-O a5 8.b3 Na6 9.Bb2
Qb6 10.Qc1 Bf5 11.Rd1 Rac8 12.Bc3 Ne4 13.Nxe4 Bxe4 14.c5 Qa7 15.Bxa5 Nxc5
16.Qxc5 Qxc5 17.dxc5 Ra8 18.b4 Bxa1 19.Rxa1 f6 20.Nd2 Bxg2 21.Kxg2 e5 22.a4
Kf7 23.Nb3 Ke6 24.Bb6 Rf7 25.Na5 d4 26.Nc4 Ra6 27.Ba5 Rd7 28.b5 Ra7 29.bxc6
bxc6 30.Bb6 Ra6 31.a5 d3 32.Nd6 dxe2 33.Kf3 Ke7 34.Kxe2 h5 35.Ra3 {#r} 1-0

[Event "It"]
[Site "masterchessopen.com Kecskemet (Hungary)"]
[Round "0"]
[White "Csom Istvan (HUN)"]
[Black "Paoli Enrico (ITA)"]
[Result "1-0"]
[WhiteElo "2485"]
[BlackElo "2300"]

1.Nf3 Nf6 2.g3 g6 3.Bg2 Bg7 4.d4 d5 5.O-O O-O 6.c4 c6 7.Nbd2 Nbd7 8.b3 e6
9.Qc2 Re8 10.Bb2 b6 11.e4 Nxe4 12.Nxe4 dxe4 13.Qxe4 Bb7 14.Rad1 Qe7 15.Rfe1
Rac8 16.Re2 Ba8 17.Qb1 Qf8 18.Red2 Red8 19.h4 c5 20.Ng5 Bxg2 21.Kxg2 cxd4
22.Bxd4 e5 23.Bb2 Nc5 24.Rd5 Rxd5 25.Rxd5 Rd8 26.Qd1 Rxd5 27.Qxd5 Qe8 28.Ba3
h6 29.Ne4 Nxe4 30.Qxe4 f5 31.Qd5+ Qf7 32.Qa8+ Kh7 33.c5 bxc5 34.Bxc5 a6 35.Qc6
f4 36.Qe4 fxg3 37.fxg3 h5 38.Be3 Qf5 39.Qc4 e4 40.Bf4 {#r} 1-0

[Event "Olympiad"]
[Site "masterchessopen.com Skopje (Macedonia)"]
[Round "7"]
[White "Bilek Istvan (HUN)"]
[Black "Martinez Vaca Fernando"]
[Result "1-0"]
[WhiteElo "2485"]
[BlackElo "2200"]

1.d4 d5 2.Nf3 Nf6 3.g3 g6 4.Bg2 Bg7 5.O-O O-O 6.c4 c6 7.Nbd2 Nbd7 8.b3 Re8
9.Bb2 b6 10.Qc2 Bb7 11.Rad1 Rc8 12.e4 dxe4 13.Nxe4 Nxe4 14.Qxe4 Qc7 15.Qe2 e5
16.dxe5 Nxe5 17.Bxe5 Bxe5 18.Rfe1 f6 19.Bh3 Rcd8 20.Rxd8 Qxd8 21.Rd1 Qb8
22.Nxe5 Qxe5 23.Qxe5 fxe5 24.Bg2 Re7 25.Rd6 e4 26.Kf1 c5 27.Ke2 Kf7 28.Ke3 Kg7
29.h4 h5 30.Bh3 Kf7 31.a3 Kg7 32.Be6 Kf6 33.Bd5+ Ke5 34.Rxg6 {#r} 1-0

[Event "Olympiad"]
[Site "masterchessopen.com Skopje (Macedonia)"]
[Round "5"]
[White "Pfleger Helmut Dr (GER)"]
[Black "Vizantiadis Lazaros (GRE)"]
[Result "1-0"]
[WhiteElo "2545"]
[BlackElo "2222"]

1.Nf3 Nf6 2.d4 g6 3.g3 Bg7 4.Bg2 O-O 5.O-O d5 6.Nbd2 c6 7.c4 Bg4 8.b3 Nbd7
9.Bb2 Bxf3 10.Bxf3 e6 11.Qc2 b5 12.e4 a5 13.a4 b4 14.e5 Ne8 15.Rfe1 Nb6 16.Bg2
Nc8 17.Nf1 Ne7 18.Ne3 Kh8 19.h4 Ng8 20.Qe2 Ra7 21.h5 gxh5 22.Qxh5 f6 23.f4
Rff7 24.Rac1 Bf8 25.cxd5 cxd5 26.Rc6 Qd7 27.Rec1 Rg7 28.Rc8 Rg6 29.Kf2 Ne7
30.R8c2 Rg8 31.Qf7 Bh6 32.Rh1 Rf8 33.Qh5 Ng8 34.Rhc1 Rf7 35.Qe2 Nc7 36.Rc6 Bf8
37.Bf3 Nh6 38.Qc2 Ng8 39.Rb6 Rg7 40.Rb8 Qf7 {#r} 1-0

[Event "It (cat.10)"]
[Site "masterchessopen.com Sukhumi (Georgia)"]
[Round "0"]
[White "Taimanov Mark E (RUS)"]
[Black "Ree Hans (NED)"]
[Result "1-0"]
[WhiteElo "2590"]
[BlackElo "2480"]

1.d4 d5 2.c4 c6 3.Nf3 Nf6 4.Nbd2 g6 5.g3 Bg7 6.Bg2 O-O 7.O-O Ne4 8.Qb3 a5
9.cxd5 cxd5 10.Ne5 Nxd2 11.Bxd2 Nc6 12.Nxc6 bxc6 13.e3 e5 14.dxe5 Bxe5 15.Bc3
Rb8 16.Qa3 Bxc3 17.bxc3 Bf5 18.h4 h5 19.Rad1 Qb6 20.Rd4 Qb2 21.Qxa5 Rb5 22.Qc7
Rc8 23.Qe5 Qxa2 24.Rf4 Qc2 25.Qf6 Rb2 26.Kh2 Be6 27.Ra1 Rf8 28.Ra6 Rb1 29.Rxc6
Qd1 30.Rxe6 {#r} 1-0

[Event "Memorial Parcetic"]
[Site "masterchessopen.com Sombor (Yugoslavia)"]
[Round "12"]
[White "Csom Istvan (HUN)"]
[Black "Masic Ljubomir (SCG)"]
[Result "1-0"]
[WhiteElo "2485"]
[BlackElo "2390"]

1.Nf3 Nf6 2.g3 g6 3.Bg2 Bg7 4.O-O O-O 5.d4 d5 6.c4 c6 7.Nbd2 Bf5 8.b3 Ne4
9.Bb2 Qa5 10.Qc1 Na6 11.Rd1 Rad8 12.c5 Qc7 13.Nh4 Bh6 14.Nxf5 gxf5 15.e3 f6
16.Nf3 Rf7 17.Ne1 Nb8 18.Nd3 Nd7 19.f3 Ng5 20.Kf2 e5 21.f4 Ne4+ 22.Kf1 exd4
23.Bxd4 b6 24.Bh3 bxc5 25.Nxc5 Ndxc5 26.Bxc5 Qb7 27.Ba3 c5 28.Kg1 Re8 29.Bxf5
Bf8 30.Qc2 Nd6 31.Re1 Nb5 32.Bb2 Qb6 33.Rad1 d4 34.exd4 cxd4 35.Rxe8 d3+
36.Qf2 Qc6 37.Rxf8+ Rxf8 38.Rxd3 {#r} 1-0

[Event "Olympiad"]
[Site "masterchessopen.com Nice (France)"]
[Round "3"]
[White "Ribli Zoltan (HUN)"]
[Black "Najdorf Miguel (POL)"]
[Result "1-0"]
[WhiteElo "2525"]
[BlackElo "2520"]

1.Nf3 d5 2.g3 g6 3.Bg2 Bg7 4.d4 Nf6 5.O-O O-O 6.c4 c6 7.Nbd2 Bf5 8.b3 Ne4
9.Bb2 Nxd2 10.Qxd2 a5 11.Rfc1 Be4 12.e3 e6 13.Qe2 a4 14.Bf1 Bxf3 15.Qxf3 Nd7
16.Qe2 Qe7 17.Qc2 Rfe8 18.Bc3 e5 19.cxd5 cxd5 20.bxa4 Rec8 21.Qb3 exd4 22.Bxd4
Bxd4 23.exd4 Nf6 24.Rab1 Rxc1 25.Rxc1 Qd7 26.Bb5 Qd6 27.Qe3 Ne4 28.f3 Nf6
29.Qe5 Qa3 30.Rc2 Kg7 31.h4 Rd8 32.Kg2 Rd6 33.Qe7 Ng8 34.Qxb7 Qe3 35.a5 Qxd4
36.Qc7 Re6 37.Qc3 Qxc3 38.Rxc3 Re7 39.a6 Ra7 40.Rc8 Ne7 41.Rb8 Kf6 42.Rb6+ Ke5
43.f4+ Ke4 44.Rb7 Nc8 45.a4 {#r} 1-0

[Event "?"]
[Site "masterchessopen.com Lone Pine (USA)"]
[Round "0"]
[White "Bilek Istvan (HUN)"]
[Black "Dake Arthur William (USA)"]
[Result "1-0"]
[WhiteElo "2495"]
[BlackElo "2330"]

1.g3 d5 2.Bg2 Nf6 3.Nf3 g6 4.O-O Bg7 5.d4 O-O 6.c4 c6 7.Nbd2 Nbd7 8.Qc2 b6
9.e4 dxe4 10.Nxe4 Bb7 11.Rd1 Qc8 12.Nc3 Re8 13.Re1 a6 14.Bg5 e6 15.c5 bxc5
16.Bxf6 Nxf6 17.Na4 Nd7 18.Nxc5 Rb8 19.Rad1 Nxc5 20.dxc5 Qc7 21.Nd2 a5 22.Nc4
Ba6 23.Nd6 Red8 24.b3 Bf8 25.Qc3 Be7 26.Rd2 Rd7 27.Red1 Rbd8 28.Qe5 Bf8 29.Bh3
Bg7 30.Qe3 Kf8 31.Qf4 f5 32.Qe3 e5 33.Qg5 e4 34.Bxf5 gxf5 35.Qxf5+ Kg8 36.Qe6+
Kf8 37.Qxe4 Re7 38.Qxh7 Re6 39.Nf5 Rxd2 40.Rxd2 Re1+ 41.Kg2 Bf1+ 42.Kf3 Be5
43.Qh6+ Kf7 44.Qh7+ Kf8 45.Qh6+ Kf7 46.Nd6+ Kg8 47.Qe6+ Kf8 48.Qe8+ Kg7
49.Nf5+ Kf6 50.g4 Bxh2 51.Qh8+ Ke6 52.Qh6+ Kf7 53.Qg7+ Ke6 54.Nd4+ {#r} 1-0

[Event "It (cat.10)"]
[Site "masterchessopen.com Banja-Luka (Bosnia & Herzegovina)"]
[Round "10"]
[White "Smejkal Jan (CZE)"]
[Black "Marovic Drazen (CRO)"]
[Result "0-1"]
[WhiteElo "2615"]
[BlackElo "2485"]

1.c4 c6 2.Nf3 d5 3.d4 Nf6 4.Nbd2 g6 5.g3 Bg7 6.Bg2 O-O 7.O-O a5 8.Ne5 Ng4
9.Nef3 Nf6 10.b3 Na6 11.Bb2 Bf5 12.Ne5 Nd7 13.cxd5 cxd5 14.e4 dxe4 15.Nxe4 Nb4
16.a3 Nxe5 17.axb4 Nc6 18.bxa5 Rxa5 19.Rxa5 Qxa5 20.d5 Bxb2 21.dxc6 bxc6
22.Qc2 Qe5 23.Qxc6 Rc8 24.Qa4 Bd4 25.Nd2 Bc5 26.Nc4 Qc3 27.Qb5 Bd3 28.Qd7 Bf5
29.Qb5 Kg7 30.b4 Bd4 31.Ne3 Bd3 32.Qb7 Bxe3 33.fxe3 Bxf1 34.Bxf1 Qxe3+ {#R}
0-1

[Event "Ch Israel"]
[Site "masterchessopen.com Israel"]
[Round "4"]
[White "Birnboim Nathan (ISR)"]
[Black "Ben-Zion David (ISR)"]
[Result "1-0"]
[WhiteElo "2369"]
[BlackElo "2246"]

1.Nf3 Nf6 2.g3 g6 3.Bg2 Bg7 4.O-O O-O 5.d4 d5 6.c4 c6 7.Nbd2 Ne4 8.e3 Nxd2
9.Nxd2 dxc4 10.Nxc4 Nd7 11.Bd2 Nf6 12.Ba5 Qe8 13.e4 Be6 14.d5 cxd5 15.exd5 Bg4
16.Qd2 Qb5 17.Ne3 Be2 18.Rfe1 Bd3 19.Rad1 Be4 20.f3 Bf5 21.Bf1 Qd7 22.g4 Nxg4
23.fxg4 Bxg4 24.Nxg4 Qxg4+ 25.Kh1 Rfe8 26.Bc3 Bxc3 27.Qxc3 Rac8 28.Qb3 Rc5
29.d6 e6 30.Bh3 Qf4 31.Rf1 Qh6 32.Qxb7 f5 33.Qxa7 Rc2 34.Qa4 {#r} 1-0

[Event "Cup European Club"]
[Site "masterchessopen.com Montana Grans (Switzerland)"]
[Date "1976.01.15"]
[Round "4"]
[White "Ribli Zoltan (HUN)"]
[Black "Wirthensohn Heinz (SUI)"]
[Result "1-0"]
[WhiteElo "2575"]
[BlackElo "2359"]

1.c4 g6 2.Nf3 Bg7 3.d4 Nf6 4.g3 c6 5.Bg2 O-O 6.O-O d5 7.Nbd2 Bf5 8.b3 Ne4
9.Bb2 Nxd2 10.Qxd2 Be4 11.Rfc1 e6 12.e3 Qf6 13.Qb4 b6 14.Ne5 Bxg2 15.Kxg2 Qd8
16.Qa4 dxc4 17.Qxc4 Bxe5 18.dxe5 Qd5+ 19.Qxd5 cxd5 20.Ba3 Rd8 21.Be7 Re8
22.Bd6 Na6 23.Rc3 Rad8 24.b4 f6 25.f4 fxe5 26.fxe5 Rd7 27.Rac1 Kf7 28.Rc8 Rdd8
29.Rxd8 Rxd8 30.Rc3 Nb8 31.Rc7+ Rd7 32.Rc8 Na6 33.Kf3 Rb7 34.a4 h5 35.Kf4 Kg7
36.Kf3 g5 37.Ke2 Kg6 38.Kd3 Rf7 39.Rg8+ Kh6 40.Re8 g4 41.Rxe6+ Kg5 42.Re7 {#r}
1-0

[Event "Ch URS (qual)"]
[Site "masterchessopen.com Daugavpils (Latvia)"]
[Round "1"]
[White "Petrosian Arshak B (ARM)"]
[Black "Faibisovich Vadim Z (RUS)"]
[Result "0-1"]
[WhiteElo "2415"]
[BlackElo "2390"]

1.Nf3 d5 2.g3 Nf6 3.Bg2 g6 4.d4 Bg7 5.c4 c6 6.Nbd2 O-O 7.O-O a5 8.b3 a4 9.Bb2
axb3 10.axb3 Rxa1 11.Qxa1 Na6 12.Ne5 Ng4 13.Nd3 Bf5 14.e4 dxe4 15.Nxe4 Bxe4
16.Bxe4 Qb6 17.Qa4 Bxd4 18.c5 Bxc5 19.Bxg6 hxg6 20.Qxg4 Qxb3 21.Qh4 f6 22.Qe4
Kf7 23.Nf4 Rg8 24.Rb1 Bd6 25.Bxf6 Nc5 26.Qe1 Qc4 27.Rb4 Nd3 28.Rxc4 Nxe1
29.Bc3 Nf3+ 30.Kg2 Ne5 31.Re4 Nd7 32.Ne6 g5 33.f4 gxf4 34.Nxf4 Nc5 35.Rd4 b5
36.Ne2 Ne6 37.Rh4 c5 38.Kf3 {#R} 0-1

[Event "It"]
[Site "masterchessopen.com Kirovakan (Armenia)"]
[Round "6"]
[White "Kalashian Loris (RUS)"]
[Black "Mnatsakanian Eduard A (ARM)"]
[Result "0-1"]
[WhiteElo "2275"]
[BlackElo "2200"]

1.Nf3 Nf6 2.d4 g6 3.Nbd2 d5 4.c4 c6 5.g3 Bg7 6.Bg2 O-O 7.O-O Ne4 8.e3 Nxd2
9.Nxd2 Be6 10.b3 c5 11.Bb2 Nc6 12.cxd5 Bxd5 13.Nf3 Qa5 14.Ne5 Bxg2 15.Kxg2
Nxe5 16.dxe5 Rad8 17.Qc1 e6 18.e4 Rd3 19.Rd1 Rfd8 20.Rxd3 Rxd3 21.Qc4 Qd2
22.Re1 h6 23.Kf1 b6 24.Bc1 Qc3 25.Qa4 Qxe5 26.Qe8+ Bf8 27.Bxh6 Qd6 28.Qa8 Qd8
29.Qxd8 Rxd8 30.Bxf8 Kxf8 31.Ke2 Rd4 32.Ke3 a5 33.Rc1 e5 34.h4 f6 35.g4 Kg7
36.f3 Kh6 37.a3 a4 38.bxa4 Rxa4 39.Rc3 c4 40.f4 Kg7 41.f5 b5 42.Kf3 Ra7 43.Ke3
Rd7 44.a4 bxa4 45.Rxc4 Ra7 46.Rc2 a3 47.Ra2 Ra4 48.Kf3 Kh6 49.Kg3 Rxe4 50.g5+
Kg7 51.gxf6+ Kxf6 52.fxg6 Re3+ 53.Kg4 Kxg6 54.h5+ Kg7 55.Rc2 Re4+ 56.Kg5 Rf4
57.h6+ Kg8 58.Kg6 Rg4+ 59.Kf5 Ra4 60.Kg5 a2 61.Rc8+ Kf7 62.h7 a1=Q 63.h8=Q
Qg1+ 64.Kf5 Rf4+ {#R} 0-1

[Event "Zt"]
[Site "masterchessopen.com Tramandai (Brazil)"]
[Round "8"]
[White "Segal Alexandru Sorin (BRA)"]
[Black "Estrada Degrandi Walter (URU)"]
[Result "1-0"]
[WhiteElo "2395"]
[BlackElo "2205"]

1.d4 d5 2.Nf3 Nf6 3.g3 g6 4.Bg2 Bg7 5.O-O O-O 6.c4 c6 7.Nbd2 Ne4 8.e3 f5 9.Qc2
Nd7 10.b3 e6 11.Bb2 a5 12.Nxe4 fxe4 13.Nd2 Qg5 14.Rae1 Nf6 15.f3 exf3 16.Nxf3
Qf5 17.Qc1 Qh5 18.Ba3 Rf7 19.Ne5 Ng4 20.Rxf7 Qxh2+ 21.Kf1 Bxe5 22.Rf8+ Kg7
23.dxe5 Qxg3 24.e4 Bd7 25.Qf4 Nh2+ 26.Kg1 Nf3+ 27.Qxf3 Qxe1+ 28.Bf1 {#r} 1-0

[Event "It \"]
[Site "masterchessopen.com Warsaw (Poland)"]
[Date "1978.05.30"]
[Round "1"]
[White "Webb Simon (ENG)"]
[Black "Witkowski Stefan (POL)"]
[Result "0-1"]
[WhiteElo "2420"]
[BlackElo "2178"]

1.d4 Nf6 2.c4 g6 3.Nf3 Bg7 4.g3 c6 5.Bg2 d5 6.O-O O-O 7.Nbd2 Ne4 8.Qb3 Qb6
9.Qxb6 axb6 10.cxd5 cxd5 11.Nxe4 dxe4 12.Ne5 f5 13.Bd2 Nd7 14.Bc3 Nf6 15.f3
Be6 16.a3 Rfc8 17.Rfc1 Bh6 18.f4 Bf8 19.e3 Nd7 20.Nxd7 Bxd7 21.Bb4 Bb5 22.Bf1
Bxf1 23.Kxf1 Kf7 24.Ke2 Bg7 25.Kd2 Bf6 26.Rg1 h5 27.h4 Ke6 28.a4 Kd5 29.b3 e6
30.Rgc1 Bd8 31.Ba3 Rc6 32.Rxc6 bxc6 33.Rc1 Bc7 34.Bb4 Ra6 35.Rc4 Rxa4 36.Rxc6
Rxb4 37.Rxc7 Rxb3 38.Rd7+ Kc4 39.Rc7+ Kd5 40.Rd7+ Kc4 41.Rc7+ Kb5 42.Rg7 Rb2+
43.Kc1 Re2 44.Rxg6 Rxe3 45.Rxe6 Rxg3 46.Kd2 Kc4 47.Rxb6 Rf3 48.Rh6 Rxf4
49.Rxh5 Kxd4 50.Rg5 Ke5 51.Rh5 Rf2+ 52.Ke1 e3 53.Rh8 Kf4 54.Rh5 Rh2 55.Kd1 Ke4
56.Ke1 Rh1+ {#R} 0-1

[Event "It (open) \"]
[Site "masterchessopen.com New York (USA)"]
[Round "3"]
[White "Rind Bruce (USA)"]
[Black "Goodman David S C (ENG)"]
[Result "1-0"]
[WhiteElo "2425"]
[BlackElo "2340"]

1.Nf3 g6 2.c4 Bg7 3.d4 Nf6 4.g3 c6 5.Bg2 O-O 6.O-O d5 7.Nbd2 Bf5 8.b3 Ne4
9.Bb2 a5 10.a3 Qb6 11.c5 Qb5 12.Rc1 Nd7 13.Nxe4 Bxe4 14.Re1 b6 15.a4 Qa6
16.Bh3 Nxc5 17.Ba3 Ne6 18.Ne5 Ng5 19.Bf1 Bxe5 20.dxe5 Qc8 21.Bxe7 Nh3+ 22.Bxh3
Qxh3 23.f3 Rfe8 24.Bf6 Bf5 25.Rxc6 Be6 26.Qd2 Rec8 27.Rec1 Rxc6 28.Rxc6 Rb8
29.Qc1 h6 30.Rxe6 {#r} 1-0

[Event "Ch Baden (MB1)"]
[Site "masterchessopen.com Schonach (Germany)"]
[Round "7"]
[White "Siegel Georg (GER)"]
[Black "Hurst Peter (GER)"]
[Result "1-0"]
[WhiteElo "2273"]
[BlackElo "2131"]

1.Nf3 d5 2.g3 Nf6 3.Bg2 g6 4.O-O Bg7 5.d4 O-O 6.c4 c6 7.Nbd2 Re8 8.b3 Bf5
9.Bb2 Nbd7 10.Nh4 Nf8 11.Nxf5 gxf5 12.Qc2 e6 13.Rac1 Rc8 14.Qd3 Ng6 15.b4 h5
16.b5 Bh6 17.bxc6 bxc6 18.Rb1 h4 19.Bc1 Kg7 20.Nf3 Rh8 21.Rb7 Bxc1 22.Rxc1
hxg3 23.hxg3 Ne4 24.c5 Qa5 25.Qb3 Nd2 26.Qc3 Nxf3+ 27.Bxf3 Qd8 28.Qa3 Qg5
29.Rc3 Qd2 30.Qc1 Qxd4 31.e3 Qf6 32.Ra3 Rb8 33.Raxa7 Rxb7 34.Rxb7 Ra8 35.Qb1
Ra5 36.Bh5 Rxc5 37.Bxg6 Kxg6 38.Rb8 Qc3 39.Rg8+ Kh7 40.Qb8 Rb5 41.Qf8 Qf6
42.g4 Rb7 43.gxf5 exf5 44.Rg3 {#r} 1-0

[Event "It"]
[Site "masterchessopen.com Nis (Yugoslavia)"]
[Date "1979.11.05"]
[Round "6"]
[White "Vukic Milan (BIH)"]
[Black "Pavlovic Dejan (SRB)"]
[Result "0-1"]
[WhiteElo "2485"]
[BlackElo "2287"]

1.d4 Nf6 2.c4 g6 3.Nf3 Bg7 4.g3 c6 5.Bg2 O-O 6.O-O d5 7.Nbd2 Ne4 8.Qb3 Qb6
9.e3 Nxd2 10.Nxd2 Qxb3 11.axb3 Rd8 12.c5 Na6 13.Nf3 f6 14.Bd2 e5 15.Ra4 e4
16.Ne1 Bg4 17.Nc2 Be2 18.Rfa1 Bd3 19.Ne1 Bb5 20.Ra5 Rd7 21.Rxb5 cxb5 22.c6 Rd6
23.cxb7 Rb8 24.f3 f5 25.fxe4 dxe4 26.Rc1 Rxb7 27.Rc8+ Kf7 28.Ba5 Rdd7 29.Bf1
Nc7 30.Nc2 Nd5 31.Kf2 Bf8 32.Be2 Bd6 33.Ke1 Bc7 34.Bd2 Rd8 35.Rxd8 Bxd8 36.Nb4
Nxb4 37.Bxb4 a5 38.Bd2 Ke6 39.b4 a4 40.Kd1 Bc7 41.Kc2 Kd5 42.b3 axb3+ 43.Kxb3
Bd6 44.Bd1 h5 45.Be2 Kc6 46.Be1 Rh7 47.d5+ Kb6 48.Bc3 Rd7 49.Bd4+ Ka6 50.Bd1
Bc7 51.Kc3 Rxd5 52.Bb3 Rd6 53.Bf7 Rc6+ 54.Kd2 Bd6 55.Bc3 Be7 56.Be8 Rb6 57.Kc2
Bf6 58.Be1 Be5 59.h4 Rb8 {#R} 0-1

[Event "?"]
[Site "masterchessopen.com Villa Gesell (Argentina)"]
[Round "0"]
[White "Foguelman Alberto (ARG)"]
[Black "Grushka Carlos (ARG)"]
[Result "0-1"]
[WhiteElo "2310"]
[BlackElo "2226"]

1.d4 Nf6 2.c4 g6 3.Nf3 Bg7 4.g3 c6 5.Bg2 d5 6.Nbd2 O-O 7.O-O Bf5 8.b3 Nbd7
9.Bb2 a5 10.Nh4 Bg4 11.h3 Be6 12.f4 Nb6 13.c5 Nc8 14.f5 Bd7 15.g4 Ne8 16.fxg6
hxg6 17.Nhf3 b6 18.cxb6 Qxb6 19.e3 Ncd6 20.Qe1 Nc7 21.Qh4 f6 22.Ba3 Ne6
23.Rfc1 Rfc8 24.Ne1 Be8 25.Qg3 Bh6 26.Kh2 Qb8 27.Nf1 Kf8 28.Nd3 Nb5 29.Bb2 a4
30.Qxb8 Rcxb8 31.b4 Nd6 32.a3 Nc4 33.Re1 Nc7 34.Bc1 Nb5 35.Nc5 Ra7 36.Bf3 Kg8
37.Be2 Ncd6 38.Bd3 e5 39.Bb2 e4 40.Bxb5 cxb5 41.Bc1 Rh7 42.Re2 Bd7 43.Raa2 Rf8
44.Nxd7 Rxd7 45.Rac2 Nc4 46.h4 Rc7 47.Ng3 Rfc8 48.h5 Nxe3 49.Rxc7 Nxg4+ 50.Kh3
Rxc7 51.Bb2 Ne3 52.hxg6 f5 53.Nh5 Rc6 54.g7 Bg5 55.Kg3 Rh6 56.Nf4 Nf1+ 57.Kg2
Bxf4 58.Kxf1 Rh1+ {#R} 0-1

[Event "Ch Denmark (juniors)"]
[Site "masterchessopen.com Soro (Denmark)"]
[Round "5"]
[White "Bastien Jean (FRA)"]
[Black "Brautsch Soren (DEN)"]
[Result "0-1"]
[WhiteElo "2235"]
[BlackElo "2214"]

1.g3 Nf6 2.Bg2 g6 3.Nf3 Bg7 4.d4 O-O 5.O-O d5 6.c4 c6 7.Nbd2 Bf5 8.b3 Ne4
9.Bb2 Nd7 10.Nh4 Nxd2 11.Qxd2 Be6 12.Rad1 Nf6 13.Qd3 Qd7 14.Rfe1 Rfe8 15.Bh1
Rad8 16.Qc2 Bh3 17.f3 h5 18.cxd5 cxd5 19.Bc1 Qe6 20.Bf4 Nh7 21.Qd2 Rc8 22.Ng2
Rc6 23.Be3 Bf5 24.Nf4 Qd7 25.Rc1 Rec8 26.Rxc6 Rxc6 27.Rc1 Nf8 28.Bf2 Rxc1+
29.Qxc1 Ne6 30.Nxe6 Qxe6 31.Qe1 Qa6 32.Qd2 Kh7 33.Bg2 Bh6 34.e3 Qa3 35.Bf1 Bb1
36.Bd3 Bxa2 37.Bc2 Bxb3 {#R} 0-1

[Event "Ch URS (juniors)"]
[Site "masterchessopen.com Kirovabad (Azerbaijan)"]
[Round "0"]
[White "Shabalov Alexander (USA)"]
[Black "Khalifman Alexander (RUS)"]
[Result "0-1"]
[WhiteElo "2529"]
[BlackElo "2627"]

1.d4 Nf6 2.Nf3 g6 3.g3 Bg7 4.Bg2 O-O 5.O-O c6 6.Nbd2 d5 7.c4 a5 8.b3 a4 9.e3
Bf5 10.bxa4 Qa5 11.cxd5 cxd5 12.Qb3 Qxa4 13.Qxb7 Nc6 14.Ne5 Nxe5 15.dxe5 Ng4
16.Nb3 Rab8 17.Qxd5 Nxe5 18.Bd2 Rb5 19.Nc5 Qa3 20.Rac1 Be6 21.Nxe6 Rxd5
22.Bxd5 fxe6 23.Bxe6+ Kh8 24.f4 Qd6 25.fxe5 Qxd2 26.Rxf8+ Bxf8 27.Rf1 Bh6
28.e4 Qe3+ 29.Kg2 Qxe4+ 30.Rf3 Be3 31.h4 Bd4 {#R} 0-1